<?xml version="1.0" encoding="UTF-8"?><?xml-stylesheet type="text/xsl" href="static/style.xsl"?><OAI-PMH xmlns="http://www.openarchives.org/OAI/2.0/" xmlns:xsi="http://www.w3.org/2001/XMLSchema-instance" xsi:schemaLocation="http://www.openarchives.org/OAI/2.0/ http://www.openarchives.org/OAI/2.0/OAI-PMH.xsd"><responseDate>2026-04-13T00:31:44Z</responseDate><request verb="GetRecord" identifier="oai:www.recercat.cat:2445/186679" metadataPrefix="marc">https://recercat.cat/oai/request</request><GetRecord><record><header><identifier>oai:recercat.cat:2445/186679</identifier><datestamp>2025-12-04T21:09:44Z</datestamp><setSpec>com_2072_1057</setSpec><setSpec>col_2072_478774</setSpec><setSpec>col_2072_478917</setSpec><setSpec>col_2072_478931</setSpec></header><metadata><record xmlns="http://www.loc.gov/MARC21/slim" xmlns:dcterms="http://purl.org/dc/terms/" xmlns:xsi="http://www.w3.org/2001/XMLSchema-instance" xmlns:doc="http://www.lyncode.com/xoai" xsi:schemaLocation="http://www.loc.gov/MARC21/slim http://www.loc.gov/standards/marcxml/schema/MARC21slim.xsd">
   <leader>00925njm 22002777a 4500</leader>
   <datafield ind2=" " ind1=" " tag="042">
      <subfield code="a">dc</subfield>
   </datafield>
   <datafield ind2=" " ind1=" " tag="720">
      <subfield code="a">Ribas-Prats, Teresa</subfield>
      <subfield code="e">author</subfield>
   </datafield>
   <datafield ind2=" " ind1=" " tag="720">
      <subfield code="a">Arenillas-Alcón, Sonia</subfield>
      <subfield code="e">author</subfield>
   </datafield>
   <datafield ind2=" " ind1=" " tag="720">
      <subfield code="a">Lip-Sosa, Diana Lucia</subfield>
      <subfield code="e">author</subfield>
   </datafield>
   <datafield ind2=" " ind1=" " tag="720">
      <subfield code="a">Costa Faidella, Jordi</subfield>
      <subfield code="e">author</subfield>
   </datafield>
   <datafield ind2=" " ind1=" " tag="720">
      <subfield code="a">Mazarico Gallego, Edurne</subfield>
      <subfield code="e">author</subfield>
   </datafield>
   <datafield ind2=" " ind1=" " tag="720">
      <subfield code="a">Gómez Roig, Ma. Dolores</subfield>
      <subfield code="e">author</subfield>
   </datafield>
   <datafield ind2=" " ind1=" " tag="720">
      <subfield code="a">Escera i Micó, Carles</subfield>
      <subfield code="e">author</subfield>
   </datafield>
   <datafield ind2=" " ind1=" " tag="260">
      <subfield code="c">2022-06-16T07:51:42Z</subfield>
   </datafield>
   <datafield ind2=" " ind1=" " tag="260">
      <subfield code="c">2022-06-16T07:51:42Z</subfield>
   </datafield>
   <datafield ind2=" " ind1=" " tag="260">
      <subfield code="c">2021-11-10</subfield>
   </datafield>
   <datafield ind2=" " ind1=" " tag="260">
      <subfield code="c">2022-06-16T07:51:42Z</subfield>
   </datafield>
   <datafield ind2=" " ind1=" " tag="520">
      <subfield code="a">Infants born after fetal growth restriction (FGR)¿an obstetric condition defined as the failure to achieve the genetic growth potential¿are prone to neurodevelopmental delays, with language being one of the major affected areas. Yet, while verbal comprehension and expressive language impairments have been observed in FGR infants, children and even adults, specific related impairments at birth, such as in the ability to encode the sounds of speech, necessary for language acquisition, remain to be disclosed. Here, we used the frequency-following response (FFR), a brain potential correlate of the neural phase locking to complex auditory stimuli, to explore the encoding of speech sounds in FGR neonates. Fifty-three neonates born with FGR and 48 controls born with weight adequate-for-gestational age (AGA) were recruited. The FFR was recorded to the consonant-vowel stimulus (/da/) during sleep and quantified as the spectral amplitude to the fundamental frequency of the syllable and its signal-to-noise ratio (SNR). The outcome was available in 45 AGA and 51 FGR neonates, yielding no differences for spectral amplitudes. However, SNR was strongly attenuated in the FGR group compared to the AGA group at the vowel region of the stimulus. These findings suggest that FGR population present a deficit in the neural pitch tracking of speech sounds already present at birth. Our results pave the way for future research on the potential clinical use of the FFR in this population, so that if confirmed, a disrupted FFR recorded at birth may help deriving FGR neonates at risk for postnatal follow-ups.</subfield>
   </datafield>
   <datafield tag="653" ind2=" " ind1=" ">
      <subfield code="a">Retard del creixement intrauterí</subfield>
   </datafield>
   <datafield tag="653" ind2=" " ind1=" ">
      <subfield code="a">Malalties del fetus</subfield>
   </datafield>
   <datafield tag="653" ind2=" " ind1=" ">
      <subfield code="a">Neurolingüística</subfield>
   </datafield>
   <datafield tag="653" ind2=" " ind1=" ">
      <subfield code="a">Infants nadons</subfield>
   </datafield>
   <datafield tag="653" ind2=" " ind1=" ">
      <subfield code="a">Fetal growth retardation</subfield>
   </datafield>
   <datafield tag="653" ind2=" " ind1=" ">
      <subfield code="a">Fetus diseases</subfield>
   </datafield>
   <datafield tag="653" ind2=" " ind1=" ">
      <subfield code="a">Neurolinguistics</subfield>
   </datafield>
   <datafield tag="653" ind2=" " ind1=" ">
      <subfield code="a">Newborn infants</subfield>
   </datafield>
   <datafield ind2="0" ind1="0" tag="245">
      <subfield code="a">Deficient neural encoding of speech sounds in term neonates born after fetal growth restriction</subfield>
   </datafield>
</record></metadata></record></GetRecord></OAI-PMH>